プロ野球スピリッツA【プロスピA】 球種が球威Sまたは変化量7の投手名 - Statistics

General Stats
  • This quiz has been taken 369 times
  • The average score is 22 of 51
Answer Stats
球団名 球種名(球威・変化量) 選手名 % Correct
阪神 ストレート(S) 藤川球児
91%
阪神 火の玉ストレート(S) 藤川球児
91%
日本ハム スライダー(S・6) 大谷翔平
79%
日本ハム スイーパー(S・6) 大谷翔平
79%
DeNA フォーク(S・7) 佐々木主浩
78%
ソフトバンク フォーク(S・7) 千賀滉大
78%
ロッテ SFF(S・5) 佐々木朗希
78%
巨人 ストレート(S)ドロップ(B・7) 沢村栄治
74%
巨人 スライダー(A・7) 高梨雄平
65%
楽天 スライダー(B・7) 高梨雄平
65%
阪神 石直球(S) 呉昇桓
64%
ヤクルト 高速スライダー(S・7) 伊藤智仁
64%
楽天 SFF(S・6) 田中将大
63%
ヤクルト ストレート(S)Ⅾカーブ(A・7) 金田正一
62%
巨人 スライダー(S・5) 菅野智之
58%
DeNA シュート(S・7) 平松政次
50%
中日 高速スライダー(S・7) 岩瀬仁紀
50%
阪神 スライダー(A・7) J.ウィリアムス
49%
西武 スライダー(B・7) 西口文也
47%
ソフトバンク ストレート(S) D.サファテ
47%
ソフトバンク カーブ(S・6) L.モイネロ
47%
広島 フォーク(C・7) 永川勝浩
44%
中日 SFF(S・5) R.マルティネス
44%
広島 カットボール(S・3) 大瀬良大地
42%
中日 スローカーブ(B・7) 今中慎二
41%
オリックス 高速シンカー(A・7) 山田久志
41%
ソフトバンク ストレート(S) R.オスナ
41%
オリックス チェンジアップ(S) 金子千尋
39%
西武 高速スライダー(S・6) 松坂大輔
39%
ロッテ フォーク(A・7) 村田兆治
35%
西武 スローシンカー(S・6) 潮崎哲也
35%
阪神 フォーク(A・7) 村山実
33%
巨人 ストレート(S) 江川卓
32%
楽天 ストレート(S) 松井裕樹
32%
オリックス ナックルカーブ(S・6) B.ディクソン
25%
阪神 ストレート(S) 江夏豊
24%
日本ハム ストレート(S) 尾崎行雄
24%
ヤクルト ストレート(S) 石井弘寿
22%
楽天 ナックルカーブ(B・7) F.ハーマン
22%
ソフトバンク スラーブ(B・7) 杉浦忠
20%
ロッテ ストレート(S) 渡辺俊介
19%
巨人 Dカーブ(A・7) 堀内恒夫
18%
西武 フォーク(S・5) 豊田清
18%
巨人 シュート(A・7) 西本聖
17%
オリックス ストレート(S) 山口高志
17%
広島 ストレート(S) 津田恒実
16%
中日 スラーブ(B・7) 野口茂樹
16%
中日 ストレート(S) チェン・ウェイン
15%
広島 ストレート(S) 中﨑翔太
14%
オリックス フォーク(S・6) 野田浩司
10%
楽天 ストレート(S) R.クルーズ
7%
No matching quizzes found
Score Distribution
Percent of People with Each Score
Percentile by Number Answered
Your Score History
You have not taken this quiz